| 000 | 00555nam a2200217Ia 4500 | ||
|---|---|---|---|
| 005 | 20250508160935.0 | ||
| 008 | 008 250505s9999 xx 000 0 eng d | ||
| 037 | _aTextBook | ||
| 040 |
_aFEDL _beng _cFEDL |
||
| 041 |
_aeng _2eng |
||
| 084 |
_a371.92, BUR _qFEDL |
||
| 100 | _aBurt Cyril | ||
| 245 | 0 | _aBackward child | |
| 250 | _a5 | ||
| 260 |
_aLondon, UK _bUniversity of London Press _c1965 |
||
| 300 | _axx,706p | ||
| 365 |
_aINR _b28 |
||
| 650 | _aSpecial Education | ||
| 942 |
_cTB _h371.92, BUR |
||
| 999 |
_c1367515 _d1367515 |
||